00588 2200241 4500001002100000005001700021008004100038020001800079035002400097090001500121100001700136245003700153250001100190260003500201300001000236650002000246850001700266980001500283985000600298986001200304999001500316999001500331YOGYA-0209000003937820090227025452.0 ind  a979-3477-57-1 0010-020900000039378 a813bPan A aPANUJU, Redi aArjuna mencari maticRedi Panuju aCet. 2 aJakartabPustaka Pelajarc2004 c20 cm aFiksi Indonesia aYOPDYOG(JSC) a04-21-2006 a2 aMrrtrev a05B0007665 a05B0007666